<?xml version="1.0" encoding="UTF-8"?>
<record
    xmlns:xsi="http://www.w3.org/2001/XMLSchema-instance"
    xsi:schemaLocation="http://www.loc.gov/MARC21/slim http://www.loc.gov/standards/marcxml/schema/MARC21slim.xsd"
    xmlns="http://www.loc.gov/MARC21/slim">

  <leader>01194nam a22001337a 4500</leader>
  <datafield tag="999" ind1=" " ind2=" ">
    <subfield code="c">533147</subfield>
    <subfield code="d">533147</subfield>
  </datafield>
  <controlfield tag="008">260427b           ||||| |||| 00| 0 eng d</controlfield>
  <datafield tag="100" ind1=" " ind2=" ">
    <subfield code="a">Azad, Rohit  and Sinha, Dipa</subfield>
    <subfield code="9">60260</subfield>
  </datafield>
  <datafield tag="245" ind1=" " ind2=" ">
    <subfield code="a">Towards a three-sector structuralist framework: The INDIAN case</subfield>
  </datafield>
  <datafield tag="260" ind1=" " ind2=" ">
    <subfield code="a">Economic &amp; Political Weekly  </subfield>
  </datafield>
  <datafield tag="300" ind1=" " ind2=" ">
    <subfield code="a">61(7), Feb 14, 2026: p.42-51</subfield>
  </datafield>
  <datafield tag="520" ind1=" " ind2=" ">
    <subfield code="a">While the Indian economy sustained average gross domestic product growth rates of above 6% since the 1990s, this period has also seen an unprecedented rise in income and wealth inequalities. Moreover, this transformation has been more significant in the case of output rather than formal employment. To theoretically understand this divergence between output and formal employment, this paper argues that a different framework than the usual three-sector classification&#x2014;agriculture, industry, and services&#x2014;may be required. A structuralist framework is developed with three sectors&#x2014;agriculture, unorganised, and organised&#x2014;to study this transformation. &#x2013;Reproduced 

https://www.epw.in/journal/2026/7/special-articles/towards-three-sector-structuralist-framework.html
</subfield>
  </datafield>
  <datafield tag="773" ind1=" " ind2=" ">
    <subfield code="a">Economic &amp; Political Weekly  </subfield>
  </datafield>
  <datafield tag="942" ind1=" " ind2=" ">
    <subfield code="c">AR</subfield>
  </datafield>
  <datafield tag="952" ind1=" " ind2=" ">
    <subfield code="0">0</subfield>
    <subfield code="1">0</subfield>
    <subfield code="2">ddc</subfield>
    <subfield code="4">0</subfield>
    <subfield code="7">0</subfield>
    <subfield code="9">408317</subfield>
    <subfield code="a">IIPA</subfield>
    <subfield code="b">IIPA</subfield>
    <subfield code="d">2026-04-27</subfield>
    <subfield code="h">61(7), Feb 14, 2026: p.42-51</subfield>
    <subfield code="p">AR138657</subfield>
    <subfield code="r">2026-04-27</subfield>
    <subfield code="y">AR</subfield>
  </datafield>
</record>
